000 00809nam a2200253Ia 4500
003 OSt
005 20220930072923.0
006 a|||||r|||| 00| 0
007 ta
008 220926b |||||||| |||| 00| 0 hin d
024 _a25694
037 _cTheses
040 _aCRL
_cCRL
_bhin
041 _2hin
_ahin
100 _aRenu Bala
_9180196
110 _aUniversity of Delhi. Faculty of Music and Fine Arts. Department of Music
_9520437
245 0 _aPandit Mallikarjun Mansoor
_b Parivesh, vayaktitav tatha krititav
260 _c1998
650 _aMUSIC
_917402
700 _a Bisht Krishna Supervisor
_9530705
700 _aUniversity of Delhi. Faculty of Music and Fine Arts. Department of Music
_9520438
942 _cDIS
_2CC
999 _c864461
_d864461